000 00901nam a2200229 a 4500
001 000022226
005 20200930011635.0
008 100920s1985 dr 000 0 spa d
040 _aDO-SdBNP
_bspa
_cBNPHU
082 _a330.91724
_bA148i
100 1 _aAbinader, José Rafael
_911652
245 1 0 _aIdeas económicas y sociales /
_cJosé Rafael Abinader ; prólogo Miguel Ángel Prestol.
260 _aSanto Domingo :
_bAlfa y Omega,
_c1985.
300 _a337 p. ;
_c21 cm.
500 _aIncluye datos biográficos del autor en la contracubierta
590 _aInventariado, 2018/ YL
500 _aIncluye referencias bibliográficas y notas al pie de las páginas
651 4 _aPaíses En Desarrollo
_xCondiciones Económicas
_99540
651 4 _aPaíses En Desarrollo
_xCondiciones Sociales
_945964
700 1 2 _aPrestol, Miguel Ángel,
_epról.
_96419
910 _aValidado. Control de calidad MFF
999 _c21724
_d21724